Normal view
MARC view
- قانون مدني -- عقود -- قوانين وأنظمة -- قانون مقارن
Entry Topical Term
001 - CONTROL NUMBER
- control field: 46729
003 - CONTROL NUMBER IDENTIFIER
- control field: JO-AjAnu
005 - DATE AND TIME OF LATEST TRANSACTION
- control field: 20230606081724.0
008 - FIXED-LENGTH DATA ELEMENTS
- fixed length control field: 230606|| aca||aabn | a|a d
040 ## - CATALOGING SOURCE
- Original cataloging agency: JO-AjAnu
- Transcribing agency: JO-AjAnu
150 ## - HEADING--TOPICAL TERM
- Topical term or geographic name entry element: قانون مدني -- عقود -- قوانين وأنظمة -- قانون مقارن
670 ## - SOURCE DATA FOUND
- Source citation: Work cat.: (JO-AjAnu)23918: إعداد جهاد صالح بني يونس؛ إشراف محمد يوسف الزعبي , author 46728, التزامات منتج الدواء بالادلاء بالبيانات قبل التعاقد مع المنتج ومن حكمه: دراسة فقهية مقارنة بين القانون المدني الفرنسي والمصري والأردني